[Event "Campeonato de España Abierto 2006"]
[Site "Leon ESP"]
[Date "2006.11.22"]
[Round "1.39"]
[White "Porto Gallego, Pablo"]
[Black "Jimenez De La Torre, Jose Anton"]
[Result "0-1"]
[WhiteElo "1640"]
[BlackElo "2161"]
[PlyCount "108"]
[EventDate "2006.11.22"]
[EventType "swiss"]
[EventRounds "9"]
[EventCountry "ESP"]
[Source "lmi"]
[SourceDate "2006.11.22"]

1. d4 Nf6 2. c4 e6 3. Nf3 c5 4. Nc3 cxd4 5. Nxd4 Nc6 6. Nf3 d5 7. e3 Bc5 8. Be2
O-O 9. O-O dxc4 10. Bxc4 Qe7 11. Qe2 e5 12. e4 Bg4 13. Qd3 Rad8 14. Nd5 Nxd5
15. Bxd5 Nb4 16. Qb3 Nxd5 17. exd5 Rd6 18. Re1 e4 19. Ng5 e3 20. Bxe3 Bxe3 21.
Qxe3 Qxe3 22. Rxe3 Rxd5 23. Nf3 Rfd8 24. h3 Bxf3 25. Rxf3 Rd1+ 26. Rxd1 Rxd1+
27. Kh2 Rd2 28. Rb3 b6 29. f3 f5 30. Kg1 Kf7 31. g4 Kf6 32. f4 fxg4 33. hxg4
Rd4 34. Rf3 g5 35. Rh3 Rd1+ 36. Kf2 Rd2+ 37. Ke3 Rxb2 38. f5 Rxa2 39. Rxh7 b5
40. Rb7 Ra3+ 41. Kf2 a6 42. Rb6+ Ke5 43. f6 Kf4 44. Ke2 Kxg4 45. Rd6 Ra2+ 46.
Ke1 Rh2 47. f7 Rh8 48. Rxa6 Rf8 49. Ra7 Kg3 50. Rb7 g4 51. Kf1 Kh2 52. Rd7 g3
53. Rd2+ Kh1 54. Ke2 g2 0-1

[Event "Campeonato de España Abierto 2006"]
[Site "Leon ESP"]
[Date "2006.11.22"]
[Round "1.40"]
[White "Garcia Gonzalez, Manuel"]
[Black "Prieto Redondo, Guillermo"]
[Result "1-0"]
[WhiteElo "2142"]
[BlackElo "1617"]
[PlyCount "123"]
[EventDate "2006.11.22"]
[EventType "swiss"]
[EventRounds "9"]
[EventCountry "ESP"]
[Source "lmi"]
[SourceDate "2006.11.22"]

1. d4 d5 2. Nf3 e6 3. Bf4 Nf6 4. e3 c5 5. Bb5+ Bd7 6. Bxd7+ Nbxd7 7. O-O Qb6 8.
b3 Bd6 9. Bxd6 Qxd6 10. Nc3 O-O 11. Qe2 Rac8 12. Rac1 a6 13. Na4 cxd4 14. exd4
b5 15. Nb2 Ne4 16. c4 bxc4 17. bxc4 Qa3 18. c5 Rc6 19. Nd3 Nc3 20. Qc2 Nb5 21.
Qb3 Qxb3 22. axb3 Rb8 23. Nb4 Rcc8 24. Nxa6 Ra8 25. Ra1 Nc3 26. g3 Nf6 27. Nb4
Rab8 28. Nd3 Ng4 29. b4 Nh6 30. Kg2 Nf5 31. g4 Ne7 32. Rfc1 Nb5 33. Nde5 Nc6
34. Nxc6 Rxc6 35. Kf1 Kf8 36. Ke2 Ke7 37. Kd3 f6 38. Rc2 Rbc8 39. Ra5 Rb8 40.
Rb2 Kd7 41. Rb1 Ke7 42. h4 h6 43. g5 hxg5 44. hxg5 Kf7 45. gxf6 gxf6 46. Rh1
Kg7 47. Rha1 Kg6 48. Ra8 Rcc8 49. Rxb8 Rxb8 50. Ra6 Kf7 51. Nd2 Ke7 52. f4 Nc7
53. Ra4 Nb5 54. Nb3 Kd7 55. Na5 Ra8 56. Ra1 Rg8 57. Re1 Rg3+ 58. Re3 Rg1 59.
Rh3 Rd1+ 60. Kc2 Rxd4 61. Rh7+ Kd8 62. Nc6+ 1-0

[Event "Campeonato de España Abierto 2006"]
[Site "Leon ESP"]
[Date "2006.11.22"]
[Round "1.41"]
[White "Calleja Loma, David"]
[Black "Lorente Peñalba, Diego"]
[Result "0-1"]
[WhiteElo "1534"]
[BlackElo "2109"]
[PlyCount "56"]
[EventDate "2006.11.22"]
[EventType "swiss"]
[EventRounds "9"]
[EventCountry "ESP"]
[Source "lmi"]
[SourceDate "2006.11.22"]

1. e4 c5 2. Nf3 Nc6 3. d4 cxd4 4. Nxd4 g6 5. Nc3 Bg7 6. Be3 Nf6 7. Be2 O-O 8.
O-O d6 9. Qd2 Ng4 10. Nxc6 bxc6 11. Bf4 Rb8 12. h3 Nf6 13. Rab1 Qa5 14. Bc4 Be6
15. Bxe6 fxe6 16. Rfe1 Nd7 17. Bh6 Ne5 18. Bxg7 Kxg7 19. b3 Rf3 20. Re3 Rbf8
21. gxf3 Nxf3+ 22. Rxf3 Rxf3 23. b4 Qh5 24. Ne2 Rxh3 25. Ng3 Qf3 26. Qd3 Qg4
27. Qe2 Rxg3+ 28. fxg3 Qxe2 0-1

[Event "Campeonato de España Abierto 2006"]
[Site "Leon ESP"]
[Date "2006.11.22"]
[Round "1.42"]
[White "Saenz Narciso, Miguel Angel"]
[Black "Sanzo Pinto, Jose Manuel"]
[Result "1-0"]
[WhiteElo "2114"]
[BlackElo "1534"]
[PlyCount "73"]
[EventDate "2006.11.22"]
[EventType "swiss"]
[EventRounds "9"]
[EventCountry "ESP"]
[Source "lmi"]
[SourceDate "2006.11.22"]

1. e4 e5 2. Nf3 Nc6 3. d4 d6 4. dxe5 dxe5 5. Qxd8+ Nxd8 6. Nxe5 Bc5 7. Bc4 Nf6
8. f3 O-O 9. Bg5 Bd4 10. Nd3 Be6 11. Nd2 Bxc4 12. Nxc4 Re8 13. c3 Ne6 14. Bh4
g5 15. cxd4 gxh4 16. d5 Ng5 17. O-O-O Kh8 18. Nf2 Rac8 19. e5 Nh5 20. Rd4 Ng7
21. f4 b5 22. Ne3 c5 23. Rd2 a5 24. fxg5 Rxe5 25. Nfg4 Rxg5 26. Rf1 Rf8 27. Rf6
Ne8 28. Rb6 f5 29. Ne5 f4 30. N3g4 h3 31. gxh3 f3 32. d6 Rxe5 33. Nxe5 f2 34.
Rxf2 Rxf2 35. d7 Rf1+ 36. Kd2 Rf2+ 37. Ke1 1-0

[Event "Campeonato de España Abierto 2006"]
[Site "Leon ESP"]
[Date "2006.11.23"]
[Round "2.1"]
[White "Moreno Ruiz, Javier"]
[Black "Tattersall Rodriguez, Lester"]
[Result "1-0"]
[WhiteElo "2456"]
[BlackElo "2293"]
[PlyCount "51"]
[EventDate "2006.11.22"]
[EventType "swiss"]
[EventRounds "9"]
[EventCountry "ESP"]
[Source "lmi"]
[SourceDate "2006.11.22"]

1. d4 g6 2. e4 d6 3. c4 Bg7 4. Nc3 Nc6 5. Be3 e5 6. Nge2 f5 7. exf5 exd4 8.
Nxd4 Nxd4 9. Bxd4 Qe7+ 10. Be2 Bxf5 11. Nd5 Qf7 12. O-O Nf6 13. Bf3 c6 14. Re1+
Kf8 15. Re7 Qxe7 16. Nxe7 Kxe7 17. Qb3 Rhb8 18. Bxa7 Rxa7 19. Qe3+ Kd8 20. Qxa7
Nd7 21. Rd1 Kc7 22. b4 Ne5 23. Be2 Be6 24. Rxd6 Bxc4 25. Bxc4 Re8 26. Re6 1-0

[Event "Campeonato de España Abierto 2006"]
[Site "Leon ESP"]
[Date "2006.11.23"]
[Round "2.2"]
[White "Casares Cabanas, Carlos"]
[Black "De La Villa Garcia, Jesus Maria"]
[Result "1/2-1/2"]
[WhiteElo "2193"]
[BlackElo "2469"]
[PlyCount "64"]
[EventDate "2006.11.22"]
[EventType "swiss"]
[EventRounds "9"]
[EventCountry "ESP"]
[Source "lmi"]
[SourceDate "2006.11.22"]

1. e4 e6 2. d4 d5 3. Nc3 Bb4 4. e5 c5 5. a3 Ba5 6. b4 cxd4 7. Nb5 Bc7 8. f4 Bd7
9. Nxc7+ Qxc7 10. Nf3 a6 11. Bb2 Ne7 12. Bd3 Bb5 13. Bxb5+ axb5 14. Nxd4 O-O
15. O-O Nbc6 16. Rf2 Nxd4 17. Bxd4 Rfc8 18. g4 Qd7 19. Qd3 Rc4 20. Re1 Ra6 21.
Ree2 g6 22. h3 Qd8 23. Bb2 Rac6 24. Kh1 Qd7 25. Bd4 b6 26. Kh2 Kf8 27. c3 Kg8
28. Qg3 Rc8 29. Rf3 Qd8 30. f5 Nc6 31. Qf4 Nxd4 32. cxd4 Rc2 1/2-1/2

[Event "Campeonato de España Abierto 2006"]
[Site "Leon ESP"]
[Date "2006.11.23"]
[Round "2.3"]
[White "Fernandez Romero, Ernesto"]
[Black "Garcia Moral Garcia, Jose Daniel"]
[Result "1-0"]
[WhiteElo "2442"]
[BlackElo "2232"]
[PlyCount "99"]
[EventDate "2006.11.22"]
[EventType "swiss"]
[EventRounds "9"]
[EventCountry "ESP"]
[Source "lmi"]
[SourceDate "2006.11.22"]

1. e4 c5 2. Nf3 e6 3. b3 d6 4. Bb2 Nf6 5. Nc3 Be7 6. g3 e5 7. Bg2 O-O 8. O-O
Nc6 9. d3 Nd4 10. Nd2 b5 11. Ne2 Bb7 12. c3 Nxe2+ 13. Qxe2 Nd7 14. d4 Qb6 15.
Bh3 Rad8 16. d5 Bf6 17. c4 b4 18. Rfe1 Bc8 19. Nf1 Rde8 20. a3 g6 21. axb4 cxb4
22. Bxd7 Bxd7 23. Bc1 Ra8 24. Be3 Qc7 25. Ra6 Bc8 26. Rc6 Qd8 27. c5 Be7 28.
cxd6 Bxd6 29. Bc5 Bxc5 30. Rxc5 Bd7 31. Qa6 Bc8 32. Qc6 Bh3 33. Qa6 Bc8 34. Qa5
Qf6 35. Rc6 Qf3 36. Nd2 Qh5 37. Qxb4 Bg4 38. Qc3 Rae8 39. f3 Bh3 40. Qe3 Bd7
41. Rc7 Bb5 42. Rec1 a6 43. Nc4 f5 44. exf5 Bxc4 45. bxc4 gxf5 46. Rf1 f4 47.
Qe4 fxg3 48. hxg3 Kh8 49. Kg2 Qh6 50. Rxh7+ 1-0

[Event "Campeonato de España Abierto 2006"]
[Site "Leon ESP"]
[Date "2006.11.23"]
[Round "2.4"]
[White "Trujillo Delgado, Dafnae"]
[Black "Bellon Lopez, Juan Manuel"]
[Result "0-1"]
[WhiteElo "2174"]
[BlackElo "2396"]
[PlyCount "101"]
[EventDate "2006.11.22"]
[EventType "swiss"]
[EventRounds "9"]
[EventCountry "ESP"]
[Source "lmi"]
[SourceDate "2006.11.22"]

1. e4 c5 2. Nf3 e6 3. d4 cxd4 4. Nxd4 a6 5. Be2 Nf6 6. Nc3 Qc7 7. a3 b5 8. O-O
Bb7 9. Bf3 d6 10. g4 Be7 11. Bg2 h6 12. f4 Nc6 13. Be3 Nxd4 14. Bxd4 e5 15. Be3
exf4 16. Bxf4 O-O 17. Kh1 Rac8 18. g5 hxg5 19. Bxg5 Rfe8 20. Bxf6 Bxf6 21. Rxf6
gxf6 22. Qg4+ Kf8 23. Qf4 Qc5 24. Nd5 Bxd5 25. exd5 Re2 26. Bf3 Rxc2 27. Qh6+
Ke7 28. Re1+ Kd7 29. Qxf6 Rxh2+ 30. Kxh2 Qf2+ 31. Kh3 Rh8+ 32. Qxh8 Qxf3+ 33.
Kh4 Qf2+ 34. Kg5 Qg3+ 35. Kf5 Qxe1 36. Qa8 Qe5+ 37. Kg4 Ke7 38. Qb7+ Kf6 39.
Qc6 Qd4+ 40. Kf3 Qc5 41. Qb7 a5 42. Ke4 Qc2+ 43. Kf4 Qxb2 44. Qc7 Qe5+ 45. Kg4
Qg5+ 46. Kh3 Qxd5 47. Qxa5 Qb3+ 48. Kg2 Kf5 49. Qc7 Qd5+ 50. Kg3 Ke5 51. Qe7+
0-1

[Event "Campeonato de España Abierto 2006"]
[Site "Leon ESP"]
[Date "2006.11.23"]
[Round "2.8"]
[White "Varela Mourin, Jesus"]
[Black "Baron Rodriguez, Jesus"]
[Result "0-1"]
[WhiteElo "2169"]
[BlackElo "2424"]
[PlyCount "82"]
[EventDate "2006.11.22"]
[EventType "swiss"]
[EventRounds "9"]
[EventCountry "ESP"]
[Source "lmi"]
[SourceDate "2006.11.22"]

1. e4 e5 2. Nf3 Nc6 3. Nc3 Nf6 4. g3 Bb4 5. Bg2 Bxc3 6. bxc3 Nxe4 7. Nxe5 Nxe5
8. Bxe4 d5 9. Bg2 O-O 10. h3 Be6 11. O-O Qd7 12. Kh2 c5 13. d3 Rfe8 14. Bd2 f6
15. f4 Nc6 16. Qf3 Bf7 17. Qf2 b6 18. Bf3 Re7 19. Qg2 Rae8 20. Rf2 b5 21. a3
Qd6 22. Rb1 a6 23. Kh1 Nb8 24. g4 Nd7 25. h4 c4 26. d4 Qxa3 27. Bxd5 Bxd5 28.
Qxd5+ Kh8 29. Rbf1 Nb6 30. Qf5 Qd6 31. g5 Qd5+ 32. Qxd5 Nxd5 33. f5 Re4 34. Rh2
a5 35. h5 fxg5 36. Bxg5 Re1 37. Kg1 h6 38. Bd2 Rxf1+ 39. Kxf1 a4 40. Bc1 Nxc3
41. Ba3 Nd5 0-1

[Event "Campeonato de España Abierto 2006"]
[Site "Leon ESP"]
[Date "2006.11.23"]
[Round "2.10"]
[White "Jimenez De La Torre, Jose Anton"]
[Black "Lacasa Diaz, Jose A"]
[Result "0-1"]
[WhiteElo "2161"]
[BlackElo "2404"]
[PlyCount "70"]
[EventDate "2006.11.22"]
[EventType "swiss"]
[EventRounds "9"]
[EventCountry "ESP"]
[Source "lmi"]
[SourceDate "2006.11.22"]

1. e4 e6 2. d4 d5 3. Nd2 Nf6 4. e5 Nfd7 5. Bd3 c5 6. c3 Nc6 7. Ngf3 g6 8. O-O
Bg7 9. Re1 O-O 10. b3 f6 11. exf6 Qxf6 12. Ba3 Rf7 13. Bb5 cxd4 14. c4 a6 15.
cxd5 exd5 16. Re8+ Nf8 17. Bd3 b5 18. Bc5 Bb7 19. Rxa8 Bxa8 20. a4 Nd7 21. b4
Nxc5 22. bxc5 Nb4 23. Bxb5 d3 24. Rb1 Qc3 25. Rb3 Qxc5 26. Bxd3 Bc6 27. Qb1 Bc3
28. Nc4 dxc4 29. Rxc3 Nxd3 30. Qxd3 Rxf3 31. Qxc4+ Qxc4 32. Rxc4 Ra3 33. h4 Be8
34. Rc8 Kf8 35. Rc7 h5 0-1

[Event "Campeonato de España Abierto 2006"]
[Site "Leon ESP"]
[Date "2006.11.23"]
[Round "2.11"]
[White "Almagro Llamas, Pablo"]
[Black "Liñan Baena, Jeronimo"]
[Result "1-0"]
[WhiteElo "2377"]
[BlackElo "2159"]
[PlyCount "65"]
[EventDate "2006.11.22"]
[EventType "swiss"]
[EventRounds "9"]
[EventCountry "ESP"]
[Source "lmi"]
[SourceDate "2006.11.22"]

1. e4 e6 2. d4 d5 3. Nc3 Nf6 4. Bg5 Bb4 5. e5 h6 6. Be3 Ne4 7. Qg4 Bxc3+ 8.
bxc3 g6 9. Bd3 Nxc3 10. Nh3 Nc6 11. O-O Ne7 12. f3 Nf5 13. Bf2 Bd7 14. Qf4 c5
15. dxc5 Qc7 16. g4 Ne7 17. a4 b5 18. Qb4 d4 19. axb5 Rb8 20. b6 axb6 21. Qxd4
Qxc5 22. Qxc5 bxc5 23. Bxc5 Rc8 24. Bd6 Ned5 25. Ra5 h5 26. g5 Ne3 27. Rfa1 Nf5
28. Bxf5 gxf5 29. Ra8 Nd5 30. Rxc8+ Bxc8 31. Ra7 Rh7 32. Kf2 Rg7 33. c4 1-0

[Event "Campeonato de España Abierto 2006"]
[Site "Leon ESP"]
[Date "2006.11.23"]
[Round "2.12"]
[White "Lorente Peñalba, Diego"]
[Black "Argandoña Riveiro, Iñigo"]
[Result "1/2-1/2"]
[WhiteElo "2109"]
[BlackElo "2377"]
[PlyCount "32"]
[EventDate "2006.11.22"]
[EventType "swiss"]
[EventRounds "9"]
[EventCountry "ESP"]
[Source "lmi"]
[SourceDate "2006.11.22"]

1. e4 c5 2. Nf3 d6 3. d4 cxd4 4. Nxd4 Nf6 5. Nc3 g6 6. Be3 Bg7 7. f3 Nc6 8. Qd2
O-O 9. Bc4 Bd7 10. h4 Ne5 11. Bb3 Qa5 12. h5 Nxh5 13. Bh6 Rfc8 14. O-O-O Rxc3
15. bxc3 Bxh6 16. Qxh6 Qxc3 1/2-1/2

[Event "Campeonato de España Abierto 2006"]
[Site "Leon ESP"]
[Date "2006.11.23"]
[Round "2.13"]
[White "Llaneza Vega, Marcos"]
[Black "Garcia Gonzalez, Manuel"]
[Result "1-0"]
[WhiteElo "2341"]
[BlackElo "2142"]
[PlyCount "39"]
[EventDate "2006.11.22"]
[EventType "swiss"]
[EventRounds "9"]
[EventCountry "ESP"]
[Source "lmi"]
[SourceDate "2006.11.22"]

1. e4 d5 2. exd5 Nf6 3. d4 Nxd5 4. c4 Nb6 5. Nc3 c6 6. Be3 Bf5 7. Nf3 e6 8. Be2
Be7 9. O-O O-O 10. Qb3 Qc7 11. Rac1 N8d7 12. Rfd1 Rad8 13. Rd2 Rfe8 14. d5 cxd5
15. Nb5 Qb8 16. c5 Nc8 17. Nfd4 Ne5 18. Bf4 Be4 19. Qg3 Bf6 20. c6 1-0

[Event "Campeonato de España Abierto 2006"]
[Site "Leon ESP"]
[Date "2006.11.23"]
[Round "2.14"]
[White "Recuero Guerra, David"]
[Black "Saenz Narciso, Miguel Angel"]
[Result "1-0"]
[WhiteElo "2321"]
[BlackElo "2114"]
[PlyCount "39"]
[EventDate "2006.11.22"]
[EventType "swiss"]
[EventRounds "9"]
[EventCountry "ESP"]
[Source "lmi"]
[SourceDate "2006.11.22"]

1. e4 d5 2. exd5 Nf6 3. Nf3 Nxd5 4. d4 g6 5. c4 Nb6 6. h3 Bg7 7. Nc3 O-O 8. Be2
Nc6 9. Be3 Bf5 10. Rc1 e5 11. d5 Ne7 12. O-O e4 13. Nd4 c6 14. d6 Nec8 15. c5
Nd7 16. g4 Qh4 17. Kg2 Be6 18. Nxe6 fxe6 19. Nxe4 h6 20. Qb3 1-0

[Event "Campeonato de España Abierto 2006"]
[Site "Leon ESP"]
[Date "2006.11.23"]
[Round "2.16"]
[White "Cabezas Ayala, Ivan"]
[Black "Sahelices Casado, Roberto"]
[Result "1/2-1/2"]
[WhiteElo "2339"]
[BlackElo "2067"]
[PlyCount "77"]
[EventDate "2006.11.22"]
[EventType "swiss"]
[EventRounds "9"]
[EventCountry "ESP"]
[Source "lmi"]
[SourceDate "2006.11.22"]

1. e4 c5 2. Nf3 Nc6 3. d4 cxd4 4. Nxd4 d6 5. Nc3 Nf6 6. Be2 e5 7. Nf3 Be7 8.
O-O h6 9. Re1 O-O 10. h3 Be6 11. Bf1 a6 12. Nd5 Bxd5 13. exd5 Nb8 14. c4 Nbd7
15. Be3 Nh7 16. b4 b6 17. Rc1 f5 18. Rc2 Ng5 19. Bxg5 Bxg5 20. c5 bxc5 21. bxc5
Nxc5 22. Nxe5 Ne4 23. Nc6 Qf6 24. Qd4 Qf7 25. Bd3 Nc5 26. Rce2 Qh5 27. Bc2 Bf6
28. Qe3 f4 29. Qf3 Qxf3 30. gxf3 Bc3 31. Rb1 Rfe8 32. Rxe8+ Rxe8 33. Bg6 Re1+
34. Rxe1 Bxe1 35. Kf1 Bc3 36. Ke2 Nd7 37. Bd3 a5 38. Bf5 Ne5 39. Nxe5 1/2-1/2

[Event "Campeonato de España Abierto 2006"]
[Site "Leon ESP"]
[Date "2006.11.23"]
[Round "2.19"]
[White "Vega Gutierrez, Sabrina"]
[Black "Ruiz Maraña, Alejandro"]
[Result "0-1"]
[WhiteElo "2264"]
[BlackElo "2122"]
[PlyCount "70"]
[EventDate "2006.11.22"]
[EventType "swiss"]
[EventRounds "9"]
[EventCountry "ESP"]
[Source "lmi"]
[SourceDate "2006.11.22"]

1. e4 c6 2. d4 d5 3. Nc3 dxe4 4. Nxe4 Nf6 5. Nxf6+ gxf6 6. c3 Bf5 7. Nf3 Nd7 8.
g3 Qb6 9. Bg2 Qa6 10. Be3 O-O-O 11. Nd2 e5 12. Qf3 Bd3 13. Bh3 exd4 14. cxd4
Bb4 15. d5 Qc4 16. dxc6 bxc6 17. Qd1 f5 18. Qb3 Qe4 19. O-O-O Bxd2+ 20. Bxd2
Nc5 21. Qa3 Qc4+ 22. Bc3 Be4 23. Qxa7 Nd3+ 24. Kb1 Nxf2+ 25. Ka1 Nxd1 26. Qa8+
Kd7 27. Rxd1+ Ke7 28. Qa7+ Ke6 29. Re1 Ra8 30. Bxf5+ Kxf5 31. Qf2+ Ke6 32. Qf6+
Kd7 33. Rd1+ Bd5 34. Qxf7+ Kc8 35. Qf5+ Be6 0-1

[Event "Campeonato de España Abierto 2006"]
[Site "Leon ESP"]
[Date "2006.11.23"]
[Round "2.20"]
[White "Vega Gomez, Francisco Borja"]
[Black "Rodriguez Rodriguez, Antonio"]
[Result "1-0"]
[WhiteElo "2118"]
[BlackElo "2240"]
[PlyCount "53"]
[EventDate "2006.11.22"]
[EventType "swiss"]
[EventRounds "9"]
[EventCountry "ESP"]
[Source "lmi"]
[SourceDate "2006.11.22"]

1. Nf3 c5 2. g3 Nc6 3. d4 cxd4 4. Nxd4 Nf6 5. Bg2 Qb6 6. Nb3 g6 7. O-O Bg7 8.
c4 O-O 9. c5 Qc7 10. Nc3 h6 11. e4 a6 12. Nd5 Nxd5 13. exd5 Ne5 14. d6 exd6 15.
cxd6 Qb8 16. Qd5 Re8 17. Bf4 g5 18. Rae1 gxf4 19. gxf4 Re6 20. fxe5 Rg6 21. Re3
Kf8 22. Nd4 Ra7 23. h4 b5 24. Rf3 f6 25. exf6 Bxf6 26. Qf5 Kg7 27. h5 1-0

[Event "Campeonato de España Abierto 2006"]
[Site "Leon ESP"]
[Date "2006.11.23"]
[Round "2.21"]
[White "Garcia Garcia, Ruben"]
[Black "Veganzones Rojo, David"]
[Result "1/2-1/2"]
[WhiteElo "2329"]
[BlackElo "2156"]
[PlyCount "43"]
[EventDate "2006.11.22"]
[EventType "swiss"]
[EventRounds "9"]
[EventCountry "ESP"]
[Source "lmi"]
[SourceDate "2006.11.22"]

1. e4 c5 2. Nf3 d6 3. d4 cxd4 4. Nxd4 Nf6 5. Nc3 a6 6. Bc4 e6 7. O-O b5 8. Bb3
b4 9. Na4 Bd7 10. f4 Nc6 11. f5 e5 12. Ne6 fxe6 13. fxe6 Bc8 14. Bg5 Be7 15.
Bxf6 Bxf6 16. Rxf6 Qxf6 17. Qxd6 Nd4 18. Nb6 Ne2+ 19. Kh1 Ng3+ 20. hxg3 Qh6+
21. Kg1 Qe3+ 22. Kh2 1/2-1/2

[Event "Campeonato de España Abierto 2006"]
[Site "Leon ESP"]
[Date "2006.11.23"]
[Round "2.22"]
[White "Jimenez Martin, Gustavo"]
[Black "Gonzalez Valero, Julio"]
[Result "1/2-1/2"]
[WhiteElo "2110"]
[BlackElo "2279"]
[PlyCount "84"]
[EventDate "2006.11.22"]
[EventType "swiss"]
[EventRounds "9"]
[EventCountry "ESP"]
[Source "lmi"]
[SourceDate "2006.11.22"]

1. f4 Nf6 2. Nf3 g6 3. g3 Bg7 4. Bg2 d5 5. d3 O-O 6. O-O c6 7. Nc3 d4 8. Ne4
Nd5 9. Bd2 Qb6 10. Qc1 Nd7 11. Kh1 f5 12. Nf2 e5 13. fxe5 Nxe5 14. Nxe5 Bxe5
15. Bxd5+ cxd5 16. Nh3 Bd7 17. Bf4 Bh8 18. Ng5 Rac8 19. Nf3 Rfe8 20. Rf2 Qc5
21. Ne1 Rc6 22. Qd2 Rce6 23. Nf3 Bg7 24. Re1 Ra6 25. Ra1 Qf8 26. Kg2 h6 27. h4
Kh7 28. Kg1 Qc5 29. Kg2 Qb5 30. b3 Qc5 31. Qd1 Rc8 32. Ne1 Bf6 33. Qc1 Bg7 34.
a4 Re6 35. Kf1 Qe7 36. Qd2 Qc5 37. Qc1 Qc3 38. Bd2 Qc5 39. Bf4 Rg8 40. Rh2 Rge8
41. Rf2 Qf8 42. Qd2 Qc5 1/2-1/2

[Event "Campeonato de España Abierto 2006"]
[Site "Leon ESP"]
[Date "2006.11.23"]
[Round "2.23"]
[White "Gonzalez Galvan, Juan Manuel"]
[Black "Rodriguez Gonzalez, Miguel Angel"]
[Result "1-0"]
[WhiteElo "2245"]
[BlackElo "1888"]
[PlyCount "75"]
[EventDate "2006.11.22"]
[EventType "swiss"]
[EventRounds "9"]
[EventCountry "ESP"]
[Source "lmi"]
[SourceDate "2006.11.22"]

1. e4 e5 2. f4 d5 3. exd5 exf4 4. Nf3 Nf6 5. Bb5+ Bd7 6. Qe2+ Be7 7. Nc3 O-O 8.
O-O c6 9. dxc6 Bxc6 10. d4 Bxf3 11. Rxf3 Qxd4+ 12. Kh1 Bd6 13. Qf1 Nh5 14. Rd3
Qb6 15. Qd1 Ng3+ 16. hxg3 Bc5 17. gxf4 Nc6 18. Bxc6 Qxc6 19. Qf3 Qe6 20. Be3
Bd6 21. Ne4 Qh6+ 22. Qh3 Bxf4 23. Qxh6 Bxh6 24. Bxh6 gxh6 25. Rad1 Rac8 26. Rc3
Rcd8 27. Rxd8 Rxd8 28. Rc7 Rd4 29. Ng3 Rd1+ 30. Kh2 Rd5 31. Rxb7 a5 32. c4 Rc5
33. Rb5 Rxc4 34. Nf5 Rb4 35. Rxb4 axb4 36. a4 bxa3 37. bxa3 Kf8 38. Kh3 1-0

[Event "Campeonato de España Abierto 2006"]
[Site "Leon ESP"]
[Date "2006.11.23"]
[Round "2.24"]
[White "Gonzalez Trigal, Jose Luis"]
[Black "Fernandez Aguado, Enrique"]
[Result "0-1"]
[WhiteElo "1824"]
[BlackElo "2384"]
[PlyCount "82"]
[EventDate "2006.11.22"]
[EventType "swiss"]
[EventRounds "9"]
[EventCountry "ESP"]
[Source "lmi"]
[SourceDate "2006.11.22"]

1. d4 e6 2. c4 f5 3. Nc3 Nf6 4. g3 Bb4 5. Bd2 O-O 6. Bg2 d5 7. cxd5 exd5 8. Nf3
c6 9. O-O Nbd7 10. Rc1 a5 11. a4 Qe8 12. Bf4 Qh5 13. e3 h6 14. Ne5 Qxd1 15.
Rfxd1 Nb6 16. Nd3 Bxc3 17. Rxc3 Nxa4 18. Ra3 Nb6 19. b3 a4 20. Rda1 Be6 21.
bxa4 Nc4 22. R3a2 b6 23. h4 Ne4 24. Ne5 Na5 25. Rc2 g5 26. hxg5 hxg5 27. Bxe4
gxf4 28. Bd3 fxe3 29. fxe3 c5 30. Rb2 Rfb8 31. Rab1 c4 32. Rxb6 Rxb6 33. Rxb6
cxd3 34. Nxd3 Bf7 35. Rf6 Kg7 36. Rb6 Nc4 37. Rb4 Re8 38. Kf2 Rxe3 39. Nc5 Ra3
40. Rb7 Nd6 41. Rb3 Ra2+ 0-1

[Event "Campeonato de España Abierto 2006"]
[Site "Leon ESP"]
[Date "2006.11.23"]
[Round "2.25"]
[White "Fernandez Siles, Luis"]
[Black "Lopez Tascon, Miguel Angel"]
[Result "1/2-1/2"]
[WhiteElo "2280"]
[BlackElo "1817"]
[PlyCount "93"]
[EventDate "2006.11.22"]
[EventType "swiss"]
[EventRounds "9"]
[EventCountry "ESP"]
[Source "lmi"]
[SourceDate "2006.11.22"]

1. d4 d5 2. c4 e6 3. Nc3 Nf6 4. cxd5 exd5 5. Bg5 Be7 6. e3 Nbd7 7. Qc2 c6 8.
Bd3 O-O 9. Nge2 Re8 10. O-O h6 11. Bh4 Ne4 12. Bxe7 Qxe7 13. Rae1 Ndf6 14. f3
Nxc3 15. Nxc3 Be6 16. Kh1 Rad8 17. Ne2 Qd6 18. Ng3 Bc8 19. Qf2 a5 20. Bb1 c5
21. a3 Bd7 22. Rd1 Qb6 23. Rfe1 g6 24. e4 dxe4 25. dxc5 e3 26. Rxe3 Qc7 27.
Red3 Bb5 28. Rd6 Qe7 29. Be4 Bc6 30. Bxc6 bxc6 31. h3 Rb8 32. Qd4 Nd5 33. Rxc6
Ne3 34. Rd2 Qg5 35. Ne4 Rxe4 36. Qxe4 Nf1 37. Qd5 Nxd2 38. Qd4 Nf1 39. Rb6 Re8
40. Qd7 Rd8 41. Qg4 Qc1 42. Rxg6+ fxg6 43. Qxg6+ Kf8 44. Qf6+ Ke8 45. Qe6+ Kf8
46. Qf6+ Ke8 47. Qe6+ 1/2-1/2

[Event "Campeonato de España Abierto 2006"]
[Site "Leon ESP"]
[Date "2006.11.23"]
[Round "2.26"]
[White "Garcia Prieto, Pablo"]
[Black "Perez Aleman, Pedro Tomas"]
[Result "0-1"]
[WhiteElo "1876"]
[BlackElo "2180"]
[PlyCount "52"]
[EventDate "2006.11.22"]
[EventType "swiss"]
[EventRounds "9"]
[EventCountry "ESP"]
[Source "lmi"]
[SourceDate "2006.11.22"]

1. e4 c5 2. Nc3 Nc6 3. f4 g6 4. Nf3 Bg7 5. Bc4 e6 6. O-O Nge7 7. d3 d5 8. Bb3
O-O 9. a4 Rb8 10. Qe1 a6 11. Qg3 b5 12. Ba2 c4 13. Ne2 Nb4 14. Ne1 dxe4 15.
dxe4 Bb7 16. e5 Nf5 17. Qh3 Nxa2 18. Rxa2 Qd1 19. Kf2 f6 20. g4 Nd4 21. Nxd4
Qxd4+ 22. Be3 Qe4 23. exf6 Bxf6 24. Qf3 Bh4+ 25. Kg2 Qxe3 26. Kh3 Bxf3 0-1

[Event "Campeonato de España Abierto 2006"]
[Site "Leon ESP"]
[Date "2006.11.23"]
[Round "2.27"]
[White "Sabater Sanchez, Asensio"]
[Black "Santos Latasa, Jaime"]
[Result "1-0"]
[WhiteElo "2163"]
[BlackElo "1596"]
[PlyCount "167"]
[EventDate "2006.11.22"]
[EventType "swiss"]
[EventRounds "9"]
[EventCountry "ESP"]
[Source "lmi"]
[SourceDate "2006.11.22"]

1. d4 d5 2. Bg5 c5 3. dxc5 Qa5+ 4. Nc3 e6 5. e4 h6 6. Bh4 g5 7. Qd4 Rh7 8. b4
Nc6 9. Bb5 Qxb5 10. Nxb5 Nxd4 11. Nc7+ Kd7 12. O-O-O Kxc7 13. Bg3+ Kd8 14. Rxd4
Bg7 15. Rd3 d4 16. Nf3 f5 17. exf5 exf5 18. Bd6 Be6 19. Nxd4 Bxd4 20. Rxd4 Ke8
21. Re1 Kf7 22. c4 a6 23. Kb2 Nf6 24. f3 Rhh8 25. Kc3 Rhe8 26. a4 Rac8 27. Red1
Bd7 28. b5 Re3+ 29. Kb4 axb5 30. cxb5 Be6 31. a5 Nd7 32. R1d3 Rxd3 33. Rxd3 Nf6
34. c6 bxc6 35. b6 Nd7 36. b7 Re8 37. a6 c5+ 38. Kb5 c4 39. Rd1 c3 40. a7 Bd5
41. b8=Q Nxb8 42. axb8=Q Rxb8+ 43. Bxb8 c2 44. Rc1 g4 45. fxg4 fxg4 46. Rxc2
Kf6 47. Bf4 Be4 48. Rf2 h5 49. Kc5 h4 50. g3 hxg3 51. hxg3 Bf3 52. Kd4 Bd1 53.
Rh2 Kf5 54. Rh5+ Kg6 55. Rc5 Bf3 56. Ke5 Be2 57. Rc6+ Kg7 58. Bh6+ Kh7 59. Rb6
Bf3 60. Kf4 Kg8 61. Kg5 Kf7 62. Kf5 Ke7 63. Ke5 Kd7 64. Be3 Ke7 65. Bg5+ Kd7
66. Rd6+ Kc7 67. Bd8+ Kc8 68. Kd4 Kb7 69. Kc5 Be2 70. Bb6 Bf1 71. Rd7+ Kc8 72.
Kd6 Bb5 73. Rd8+ Kb7 74. Kc5 Bf1 75. Ba5 Be2 76. Bd2 Bf3 77. Bf4 Be2 78. Rd7+
Kc8 79. Rd2 Bf3 80. Kb6 Bb7 81. Bg5 Kb8 82. Rd8+ Bc8 83. Bf4+ Ka8 84. Rxc8# 1-0